Lecciones catalanas sobre la historia de la codificación.
Saved in:
| Hovedforfatter: | |
|---|---|
| Andre forfattere: | |
| Format: | Bog |
| Sprog: | spansk |
| Udgivet: |
Madrid, España:
Marcial Pons; Ediciones Jurídicas y Sociales,
1996.
|
| Serier: | Publicaciones del Seminario de Historia del Derecho de Barcelona,
1. |
| Fag: | |
| Tags: |
Tilføj Tag
Ingen Tags, Vær først til at tagge denne postø!
|
MARC
| LEADER | 00000nam a2200000 a 4500 | ||
|---|---|---|---|
| 001 | UCP5076 | ||
| 003 | CL-VaPUC | ||
| 005 | 20220822114415.0 | ||
| 008 | 990827e19960000sp 1 spa d | ||
| 999 | |c 383475 |d 383473 | ||
| 020 | |a 84-7248-359-2 | ||
| 040 | |c Pontificia Universidad Católica de Valparaíso | ||
| 082 | 0 | 4 | |a 341.026 CAR 1996 |2 21 |
| 100 | 1 | |a Caroni, Pio |e autor |9 619594 | |
| 245 | 1 | 0 | |a Lecciones catalanas sobre la historia de la codificación. |
| 260 | |a Madrid, España: |b Marcial Pons; |b Ediciones Jurídicas y Sociales, |c 1996. | ||
| 300 | |a 177 páginas. | ||
| 490 | |a Publicaciones del Seminario de Historia del Derecho de Barcelona, |v 1. | ||
| 500 | |a c.2 Donación Familia Prof. Alejandro Guzmán Brito. | ||
| 583 | |a last modification |c 19990827 00:00:00 |k Rodrigo Vera | ||
| 650 | 0 | 0 | |a Codificación |9 258568 |
| 650 | 0 | 0 | |a Código civil suizo |2 CL-VaPUC |9 453315 |
| 650 | 0 | 0 | |a Código prusiano |2 CL-VaPUC |9 619595 |
| 650 | 0 | 0 | |a Historia del derecho |9 255109 |
| 700 | |a Iglesia Ferreirós, Aquilino |9 622173 |e traducción castellana | ||
| 942 | |c BK |2 ddc |n 0 | ||
| 945 | |a vberengu |d 19990827 00:00:00 | ||
| 952 | |0 0 |1 0 |4 0 |6 341_026000000000000_CAR_1996 |7 0 |8 DER_HIS |9 505599 |a BIBDER |b BIBDER |d 2020-01-23 |i 3536351 |l 1 |o 341.026 CAR 1996 |p 3536351 |r 2023-01-25 |s 2020-03-19 |w 2020-01-23 |x Ubicación 4to Piso |y BK |z Estos recursos deben solicitarse con anticipación |k DER | ||